<?xml version="1.0" encoding="UTF-8"?>
<collection xmlns="http://www.loc.gov/MARC21/slim">
  <record>
    <leader>00000nam  2200000   4500</leader>
    <controlfield tag="001">INLIS000000000015728</controlfield>
    <controlfield tag="005">20230829114747</controlfield>
    <datafield tag="035" ind1="#" ind2="#">
      <subfield code="a">0010-0823000054</subfield>
    </datafield>
    <controlfield tag="007">ta</controlfield>
    <controlfield tag="008">230829################|##########|#|##</controlfield>
    <datafield tag="084" ind1="#" ind2="#">
      <subfield code="a">R 041 PIM II 2022</subfield>
    </datafield>
    <datafield tag="100" ind1=" " ind2="#">
      <subfield code="a">Arifin Saleh Lubis</subfield>
    </datafield>
    <datafield tag="245" ind1="1" ind2="#">
      <subfield code="a">Strategi Kolaborasi dan Kerjasama Nasional Dalam Mewujudkan Konsep Visi Indonesia Digital 2030 dan 2045 /</subfield>
      <subfield code="c">Arifin Saleh Lubis</subfield>
    </datafield>
    <datafield tag="250" ind1="#" ind2="#">
      <subfield code="a">1</subfield>
    </datafield>
    <datafield tag="260" ind1="#" ind2="#">
      <subfield code="a">Jakarta :</subfield>
      <subfield code="b">Pusbangkom Pimnas dan Manajerial ASN,</subfield>
      <subfield code="c">2022</subfield>
    </datafield>
    <datafield tag="300" ind1="#" ind2="#">
      <subfield code="a">176 halaman :</subfield>
      <subfield code="b">ilus ;</subfield>
      <subfield code="c">30 cm</subfield>
    </datafield>
    <datafield tag="650" ind1="#" ind2="4">
      <subfield code="a">Transformasi Digital</subfield>
    </datafield>
    <datafield tag="520" ind1="#" ind2="#">
      <subfield code="a">Mewujudkan Indonesia masuk ke peringkat 5 teratas negara dengan pertumbuhan ekonomi top dunia di tahun 2045 merupakan cita-cita bersama yang mungkin dicapai jika Indonesia mampu membangun ekonomi berdaya saing dan produktivitas nasional yang kompetitif. Untuk mencapainya, salah satu faktor yang menjadi kunci adalah penguasaan teknologi digital nasional. Pemanfaatan teknologi digital telah terbukti menjadi sebuah langkah yang mampu menjadi pengungkit ekonomi nasional, hal ini dapat terlihat dari pertumbuhan ekonomi Indonesia menjadi salah satu yang mampu mempertahankan pertumbuhan yang positif pada masa pandemi ini berkat dorongan transformasi digital di berbagai sektor ekonomi.</subfield>
    </datafield>
    <datafield tag="990" ind1="#" ind2="#">
      <subfield code="a">041</subfield>
    </datafield>
  </record>
</collection>
